000 00220 a2200097 4500
001 57046
100 _a
245 _a My First Question and Answer
260 _aChina
_bMiles kelly
_c2007
090 _c34975
_d34975
942 _aNUST-CAE
_cMONOGRAPH
_c27752
999 _c292119
_d292119